Sports Quiz

Random Sports or NFL Quiz

NFL: Pro Bowl (AFC Offense: 2006-2010) Quiz Stats

 Plays Quiz not verified by Sporcle

Score 0/140 Timer 10:00
0 Plays Today
% Correct
Peyton Manning (Indianapolis) (Super Bowl)
99.1%
Peyton Manning (Indianapolis) (starter)
99.1%
Peyton Manning (Indianapolis)
99.1%
Peyton Manning (Indianapolis) (starter)
99.1%
Peyton Manning (Indianapolis) (starter)
99.1%
Tom Brady (New England) (injured)
97.9%
Tom Brady (New England) (injured)
97.9%
Tom Brady (New England) (injured)
97.9%
Chad Johnson (Cincinnati)
93.4%
Chad Johnson (Cincinnati) (starter)
93.4%
Chad Johnson (Cincinnati) (starter)
93.4%
Chris Johnson (Tennessee) (Starter)
93.1%
Philip Rivers (San Diego) (injured)
93.1%
Chris Johnson (Tennessee) (injured)
93.1%
Philip Rivers (San Diego) (injured)
93.1%
Andre Johnson (Houston) (Starter)
92.8%
Andre Johnson (Houston) (starter)
92.8%
Larry Johnson (Kansas City)
92.8%
Andre Johnson (Houston) (starter)
92.8%
Larry Johnson (Kansas City)
92.8%
Ben Roethlisberger (Pittsburgh)
87.2%
Thomas Jones (NY Jets) (starter)
85.4%
LaDainian Tomlinson (San Diego)
85.1%
LaDainian Tomlinson (San Diego) (starter)
85.1%
LaDainian Tomlinson (San Diego)
85.1%
Antonio Gates (San Diego) (Starter)
83%
Antonio Gates (San Diego) (injured)
83%
Antonio Gates (San Diego) (injured)
83%
Antonio Gates (San Diego) (starter)
83%
Reggie Wayne (Indianapolis) (Super Bowl)
80.3%
Reggie Wayne (Indianapolis)
80.3%
Reggie Wayne (Indianapolis) (starter)
80.3%
Reggie Wayne (Indianapolis)
80.3%
Matt Schaub (Houston) (Starter) (MVP)
79.7%
Carson Palmer (Cincinnati) (MVP)
79.1%
Carson Palmer (Cincinnati) (injured)
79.1%
Randy Moss (New England) (injured)
77.9%
Vince Young (Tennessee)
77.3%
Vince Young (Tennessee)
77.3%
Marvin Harrison (Indianapolis)
74.3%
Marvin Harrison (Indianapolis) (starter)
74.3%
Wes Welker (New England) (injured)
74%
Wes Welker (New England)
74%
Tony Gonzalez (Kansas City) (starter)
73.7%
Tony Gonzalez (Kansas City) (starter)
73.7%
Tony Gonzalez (Kansas City)
73.7%
Vincent Jackson (San Diego)
73.4%
% Correct
David Garrard (Jacksonville)
72.8%
Jay Cutler (Denver)
72.2%
Dallas Clark (Indianapolis) (Super Bowl)
71.3%
Derek Anderson (Cleveland)
70.4%
Willie Anderson (Cincinnati) (injured)
70.4%
Willie Anderson (Cincinnati) (starter)
70.4%
Maurice Jones-Drew (Jacksonville)
70.1%
Ray Rice (Baltimore)
69%
Ronnie Brown (Miami)
68.7%
Trent Green (Kansas City)
68.4%
Rod Smith (Denver)
68.4%
Willie Parker (Pittsburgh) (injured)
66%
Willie Parker (Pittsburgh)
66%
Brandon Marshall (Denver) (Starter)
64.2%
Brandon Marshall (Denver) (starter)
64.2%
Joseph Addai (Indianapolis) (starter)
63.6%
Edgerrin James (Indianapolis) (starter)
62.4%
Kerry Collins (Tennessee)
59.4%
Steve McNair (Tennessee)
59.4%
Joe Thomas (Cleveland) (Starter)
58.8%
Joe Thomas (Cleveland) (starter)
58.8%
Joe Thomas (Cleveland)
58.8%
Braylon Edwards (Cleveland)
57.9%
Jeff Saturday (Indianapolis) (starter)
56.4%
Jeff Saturday (Indianapolis)
56.4%
Jeff Saturday (Indianapolis) (starter)
56.4%
Jeff Saturday (Indianapolis) (Super Bowl)
56.1%
Alan Faneca (NY Jets) (Starter)
55.5%
Alan Faneca (NY Jets) (starter)
55.5%
Alan Faneca (Pittsburgh) (starter)
55.5%
Alan Faneca (Pittsburgh) (starter)
55.5%
Alan Faneca (Pittsburgh) (starter)
55.5%
Fred Taylor (Jacksonville)
54%
Nick Mangold (NY Jets) (Starter)
53.7%
Nick Mangold (NY Jets) (starter)
53.7%
Brett Favre (NY Jets)
53.1%
Willis McGahee (Buffalo)
52.5%
Lorenzo Neal (San Diego) (starter)
51.9%
Lorenzo Neal (San Diego) (starter)
51.9%
Lorenzo Neal (San Diego) (starter)
51.9%
Logan Mankins (New England) (Starter)
51.3%
Logan Mankins (New England) (starter)
51.3%
Heath Miller (Pittsburgh)
51%
Marshawn Lynch (Buffalo)
51%
Justin Miller (NY Jets)
51%
Jake Long (Miami) (injured)
49.9%
Jake Long (Miami)
49.9%
% Correct
Le'Ron McClain (Baltimore)
48.7%
Le'Ron McClain (Baltimore)
48.7%
Kevin Mawae (Tennessee)
48.4%
Kevin Mawae (Tennessee) (injured)
48.4%
Jonathan Ogden (Baltimore) (injured)
48.4%
Jonathan Ogden (Baltimore) (starter)
48.4%
Jonathan Ogden (Baltimore)
48.4%
Chad Ochocinco (Cincinnati)
47.5%
D'Brickashaw Ferguson (NY Jets)
46.6%
T.J. Houshmandzadeh (Cincinnati)
45.1%
Josh Cribbs (Cleveland)
41.2%
Joshua Cribbs (Cleveland)
41.2%
Nate Kaeding (San Diego) (injured)
39.4%
Nate Kaeding (San Diego)
39.4%
Owen Daniels (Houston)
39.1%
Matt Light (New England) (starter)
39.1%
Matt Light (New England)
39.1%
Ryan Clady (Denver) (Starter)
37.9%
Brian Waters (Kansas City)
37.6%
Brian Waters (Kansas City)
37.6%
Brian Waters (Kanas City)
37.6%
Chris Chambers (Miami)
37.3%
Will Shields (Kansas City) (starter)
35.8%
Will Shields (Kansas City) (starter)
35.8%
Kellen Winslow (Cleveland)
35.5%
Stephen Gostkowski (New England)
35.2%
Willie Roaf (Kansas City)
34%
Jason Peters (Buffalo) (injured)
30.4%
Leon Washington (NY Jets)
30.4%
Jason Peters (Buffalo) (injured)
30.4%
Tarik Glenn (Indianapolis) (injured)
29.3%
Tarik Glenn (Indianapolis)
29.3%
Marcus McNeil (San Diego)
29%
Marcus McNeil (San Diego)
29%
Shayne Graham (Cincinnati)
28.7%
Dan Koppen (New England)
28.4%
Kris Dielman (San Diego)
27.2%
Kris Dielman (San Diego) (starter)
27.2%
Kris Dielman (San Diego)
27.2%
Michael Roos (Tennessee) (starter)
25.7%
Dan Carpenter (Miami)
23.9%
Rob Bironas (Tennessee)
22.7%
Nick Hardwick (San Diego) (starter)
21.8%
Jeff Hartings (Pittsburgh)
18.8%
Jerome Mathis (Houston)
17.3%
Casey Wiegmann (Denver)
16.1%

You're not logged in!

Compare scores with friends on all Sporcle quizzes.
OR
Log In

Show Comments

Extras

Top Quizzes Today


Score Distribution

Your Account Isn't Verified!

In order to create a playlist on Sporcle, you need to verify the email address you used during registration. Go to your Sporcle Settings to finish the process.

Report this User

Report this user for behavior that violates our Community Guidelines.

Details: